000 01911nam0a2200313 4500
001 RU\NLR\BIBL_A\022740096
005 20260401115224.0
010 _a978-5-9929-1914-1
_9300
021 _aRU
_bКН-П-25-082330
_9КН-П-25-7971
035 _a(NLR Aleph) 022740096
090 _a13650343
_c13650343
100 _a20260302d2025 u y0rusy50 ca
101 0 _arus
102 _aRU
105 _aa j 000yy
181 0 _ai3
_baxxe
182 0 _an
200 1 _aФинансы: теория денег, денежного обращения и денежной системы
_eучебное пособие
_eдля аспирантов, обучающихся по специальности 5.2.4 "Финансы" при изучении дисциплины "Финансы"
_fЛ. В. Попова
_gМинистерство науки и высшего образования Российской Федерации, Федеральное государственное бюджетное образовательное учреждение высшего образования "Орловский государственный университет имени И. С. Тургенева"
203 _aТекст
_bвизуальный
_cнепосредственный
210 _aОрёл
_cОГУ имени И. С. Тургенева
_d2025
215 _a98 с.
_cил., табл.
_d21
320 _aБиблиогр.: с. 95-98 (50 назв.)
606 1 _aФинансы
_jУчебные издания для высших учебных заведений
_91099997
_3RU\NLR\AUTH\66113465
686 1 _aУ26(0)я73
700 1 _7ca
_8rus
_aПопова
_bЛ. В.
_cд-р экон. наук, бухгалтерский учет
_gЛюдмила Владимировна
_933558
_3RU\NLR\AUTH\7750624
942 _cBOOK
980 _aNB